000 00166nam a22000857a 4500
082 _a823
100 _aELIAS VALENTINE
245 _aA GALAXY OF SHORT STORIES
942 _cBK
999 _c8511
_d8511